000 00268nam a2200121Ia 4500
100 _aBalagurusamy/E.
942 _cBK
245 _aProgramming In Ansi C
260 _bTata McGraw Hill
_aNew Delhi.
_c2004
082 _a005.133/BAL
300 _a493
546 _aENGLISH
999 _c19625
_d19625